| 000 | 01836nam2a22002531 4500 | ||
|---|---|---|---|
| 001 | rc\4580320 | ||
| 005 | 20260406160032.0 | ||
| 021 |
_aRU _b[62-24472] |
||
| 035 | _a(NLR Aleph) 008656380 | ||
| 090 |
_a9033998 _c9033998 |
||
| 100 | _a20130416d1961 |||y0rusy50 ca | ||
| 101 | 0 | _arus | |
| 102 | _aRU | ||
| 105 | _ay z ||||| | ||
| 200 | 1 |
_aАльбомы чертежей ремонтных деталей и эскизов к пооперационной обработке при изготовлении ремонтных деталей и при ремонте деталей _e[В 3 т.] _fГос. ком. Совета Министров РСФСР по координации науч.-исслед. работ. ЦБТИ лесной пром-сти |
|
| 210 |
_d1961 _aБ. м. |
||
| 215 |
_a[161] с. _d29 |
||
| 461 | 0 |
_1001rc\4580317 _12001#$aМаршрутная технология ремонта деталей автомобилей МАЗ-200 и МАЗ-501$e(В 3 т.)$eТ. 1-$fГос. ком. Совета Министров РСФСР по координации науч.-исслед. работ. ГосИНТИ. Отд. лесной пром-сти$vТ. 3 _99033981 _cМосква _d1962 _fГос. ком. Совета Министров РСФСР по координации науч.-исслед. работ. ГосИНТИ. Отд. лесной пром-сти _nБ. и. _o(В 3 т.) : Т. 1- _tМаршрутная технология ремонта деталей автомобилей МАЗ-200 и МАЗ-501 _vТ. 3 |
|
| 712 | 0 | 2 |
_aЦентральное бюро технической информации лесной промышленности _cМосква _3RU\NLR\AUTH\889931374 _9358196 |
| 801 | 0 |
_aRU _bNLR _gpsbo |
|
| 801 | 1 |
_aRU _bELAR _2rusmarc |
|
| 852 |
_aNLR _j62-8/1441 |
||
| 942 | _cBOOK | ||
| 980 | _aNB | ||